| 000 | 00600nam a2200169 a 4500 | ||
|---|---|---|---|
| 008 | 120416s1981 ||||||||||||||||| || u | ||
| 020 | _a0070449368 | ||
| 050 | _aHB 171.5 Bin | ||
| 100 | _aBingham, Robert C | ||
| 245 | 1 | 0 | _aEconomic concepts: a programmed approach. (6th ed.) |
| 250 | _a6th ed. | ||
| 260 |
_aNew York: _bMcGraw-Hill _c1981 |
||
| 300 | _axii, 377p. : ill. | ||
| 350 | _a0.00 | ||
| 650 | 0 | _aECONOMICS--PROGRAMMED INSTRUCTION | |
| 995 |
_D0.00 _FCBU-MAIN LIBRARY (Kitwe) _H1 _I7.95 _UAVAILABLE _ZMain Library Open Access Collection |
||
| 999 |
_c40767 _d40767 |
||